prof. Jurij Demirej
Spomienka na prof. Demireja zakladateľa Asociácie univerzít dištančného vzdelávania.
Enregistré dans:
| Auteur principal: | |
|---|---|
| Autres auteurs: | , |
| Format: | Chapitre de livre |
| Langue: | russe |
| Sujets: | |
| Tags: |
Pas de tags, Soyez le premier à ajouter un tag!
|
MARC
| LEADER | 00000naa$a2200000$$$4500 | ||
|---|---|---|---|
| 001 | 0242870 | ||
| 005 | 20240502083651.3 | ||
| 041 | 0 | |a rus | |
| 044 | |a RU | ||
| 245 | 1 | 0 | |a prof. Jurij Demirej |c Vladimír Zuev, Marija Pannaťje, Jaroslav Kultan |
| 520 | |a Spomienka na prof. Demireja zakladateľa Asociácie univerzít dištančného vzdelávania. | ||
| 610 | 2 | 0 | |a vzdelávanie vysokoškolské |
| 610 | 2 | 0 | |a vzdelávanie dištančné |
| 610 | 2 | 0 | |a asociácie |
| 610 | 2 | 0 | |a informatizácia |
| 100 | 1 | |a Zuev, Vladimír I. | |
| 700 | 1 | |a Pannaťje, Marija A. | |
| 700 | 1 | |a Kultan, Jaroslav, 1960- | |